00260nam a2200097Ia 4500008004100000020001800041100002100059245003600080260003200116300001400148171211s9999 xx 000 0 und d a9789719802594 aSadang, Ma. Gina aLaboratory Manual in Hematology bC & E Pblishing, Inc.c2015 a114 pages